| 000 | 00682nam a2200169 a 4500 | ||
|---|---|---|---|
| 008 | 210225s2011 ||||||||||||||||| || u | ||
| 020 | _a9781608716692 | ||
| 050 | _aKF 2750 Tra | ||
| 100 | _aTrager, Robert | ||
| 245 | 1 | 4 |
_aThe Law of journalism and Mass communication.( 3rd edition) _cBy Robert Trager; Joseph Russomanno; Susan Dente Ross |
| 260 |
_aLos Angeles _bSAGE Publications _c2011 |
||
| 300 | _axxix,792 pages:illustrations | ||
| 350 | _a8.63 | ||
| 650 | _aPRESS LAW--UNITED STATES | ||
| 650 | _aJOURNALISM | ||
| 995 |
_FCBU-MAIN LIBRARY (Kitwe) _I8.63 _M1 _UAVAILABLE _WMar 29, 2021 _ZMain Library Open Access Collection |
||
| 999 |
_c48947 _d48947 |
||